[Event "28th Bosna it"]
[Site "Sarajevo BIH"]
[Date "1998.05.30"]
[Round "2"]
[White "Piket, Jeroen"]
[Black "Dizdarevic, Emir"]
[Result "1/2-1/2"]
[WhiteElo "2575"]
[BlackElo "2540"]
[EventDate "1998.05.29"]
[PlyCount "89"]

1.Nf3 Nf6 2.c4 d6 3.d4 g6 4.Nc3 Bf5 5.h3 Bg7 6.g4 Bc8 7.e4 c5 8.d5 O-O 9.
Be3 e6 10.Nd2 Ne8 11.Be2 f5 12.gxf5 exf5 13.exf5 Bxf5 14.Nde4 Qe7 15.Ng3 
Bxc3+ 16.bxc3 Ng7 17.Qd2 Nd7 18.Bg5 Qe8 19.O-O-O Nf6 20.Nxf5 Nxf5 21.f3 
Qd7 22.Bd3 Nh5 23.h4 Rae8 24.Rhe1 Nfg7 25.Rxe8 Rxe8 26.Qh2 Re5 27.Rg1 Qe8 
28.Kb2 a6 29.Rg4 Nf5 30.Kb3 b5 31.Re4 bxc4+ 32.Bxc4 Rxe4 33.fxe4 Qxe4 34.
Qe2 Qb1+ 35.Ka3 h6 36.Bd3 Qa1 37.Bd2 Nhg7 38.h5 Qg1 39.Bxa6 Nxh5 40.Bc8 
Nhg7 41.Bxf5 Nxf5 42.Qe8+ Kg7 43.Qd7+ Kf6 44.Qe6+ Kg7 45.Qd7+ 1/2-1/2

[Event "28th Bosna it"]
[Site "Sarajevo BIH"]
[Date "1998.06.04"]
[Round "7"]
[White "Kozul, Zdenko"]
[Black "Dizdarevic, Emir"]
[Result "1/2-1/2"]
[WhiteElo "2585"]
[BlackElo "2540"]
[EventDate "1998.05.29"]
[PlyCount "44"]

1.d4 c6 2.c4 f5 3.Qc2 g6 4.Nc3 Bg7 5.Nf3 Nf6 6.h3 O-O 7.g4 d5 8.g5 Ne4 9.
Bf4 Be6 10.e3 Nd7 11.cxd5 Bxd5 12.Nxd5 cxd5 13.Bc7 Qc8 14.Rc1 Ndc5 15.Bf4 
Ne6 16.Bd3 Nxf4 17.exf4 Qb8 18.Qc7 Qxc7 19.Rxc7 Rfc8 20.Rxc8+ Rxc8 21.Ke2 
h6 22.h4 Rc6 1/2-1/2

[Event "28th Bosna it"]
[Site "Sarajevo BIH"]
[Date "1998.06.04"]
[Round "7"]
[White "Kurajica, Bojan"]
[Black "Piket, Jeroen"]
[Result "1/2-1/2"]
[WhiteElo "2580"]
[BlackElo "2575"]
[EventDate "1998.05.29"]
[PlyCount "97"]

1.Nf3 Nf6 2.c4 b6 3.g3 Bb7 4.Bg2 c5 5.O-O e6 6.d4 cxd4 7.Qxd4 Nc6 8.Qf4 
Be7 9.Nc3 O-O 10.Rd1 Qb8 11.b3 Rd8 12.Qxb8 Raxb8 13.Bf4 Rbc8 14.Bd6 Bxd6 
15.Rxd6 Ne8 16.Rd2 d5 17.cxd5 Nb4 18.Nb5 a6 19.Na7 Rc7 20.Nc6 Bxc6 21.dxc6
Rxd2 22.Nxd2 Nxc6 23.Rd1 Kf8 24.Nc4 b5 25.Bxc6 Rxc6 26.Ne5 Rd6 27.Nd3 e5 
28.f3 Nf6 29.Rc1 e4 30.fxe4 Nxe4 31.Rc7 g5 32.b4 h5 33.Kf1 Kg7 34.Ke1 h4 
35.gxh4 gxh4 36.Re7 Rd4 37.a3 Kf6 38.Re8 Kf5 39.Rh8 Nc3 40.Rc8 Ne4 41.Rh8 
Nc3 42.Kd2 Nb1+ 43.Ke3 Re4+ 44.Kf3 Nd2+ 45.Kf2 Nc4 46.Kf3 Re3+ 47.Kf2 Re4 
48.Kf3 Re3+ 49.Kf2 1/2-1/2

[Event "28th Bosna it"]
[Site "Sarajevo BIH"]
[Date "1998.06.04"]
[Round "7"]
[White "Sokolov, Ivan"]
[Black "Georgiev, Kiril"]
[Result "1-0"]
[WhiteElo "2625"]
[BlackElo "2675"]
[EventDate "1998.05.29"]
[PlyCount "81"]

1.d4 Nf6 2.c4 c5 3.d5 b5 4.Nf3 b4 5.a3 Na6 6.axb4 Nxb4 7.Nc3 d6 8.e4 g6 9.
Be2 Bg7 10.O-O O-O 11.Bf4 Bg4 12.h3 Bxf3 13.Bxf3 Nd7 14.Qd2 Re8 15.Ra3 Qb6
16.Bg4 Ne5 17.Be2 Reb8 18.h4 Rb7 19.h5 gxh5 20.Bxe5 Bxe5 21.Bxh5 e6 22.Ne2
exd5 23.exd5 Kh8 24.Rf3 Qd8 25.Rxf7 Rxf7 26.Bxf7 Qf6 27.Be6 Bxb2 28.Rb1 
Ba1 29.Rb3 Qg6 30.Rg3 Qb1+ 31.Kh2 Be5 32.f4 Qb2 33.Qe3 Bg7 34.Bf5 Rf8 35.
Qe4 h6 36.Rg6 a5 37.Qe6 Rf6 38.Qe8+ Rf8 39.Qd7 Rxf5 40.Qxf5 a4 41.Rxd6 1-0